Rethinking progress: towards a creative transformation of global society (Record no. 405076)

000 -LEADER
fixed length control field 00504cam a22001697a 4500
008 - FIXED-LENGTH DATA ELEMENTS--GENERAL INFORMATION
fixed length control field 180718b2005 xxu||||| |||| 00| 0 eng d
020 ## - INTERNATIONAL STANDARD BOOK NUMBER
International Standard Book Number 8190294660
082 ## - DEWEY DECIMAL CLASSIFICATION NUMBER
Classification number T39 L17
100 ## - MAIN ENTRY--PERSONAL NAME
Personal name Lamba, Harinder S.
245 ## - TITLE STATEMENT
Title Rethinking progress: towards a creative transformation of global society
Statement of responsibility, etc. by Harinder S. Lamba
260 ## - PUBLICATION, DISTRIBUTION, ETC.
Place of publication, distribution, etc. Delhi
Name of publisher, distributor, etc. Daanish Books
Date of publication, distribution, etc. 2005
300 ## - PHYSICAL DESCRIPTION
Extent 348p.
650 ## - SUBJECT ADDED ENTRY--TOPICAL TERM
Topical term or geographic name entry element Economic development
650 ## - SUBJECT ADDED ENTRY--TOPICAL TERM
Topical term or geographic name entry element Environmental degradation
650 ## - SUBJECT ADDED ENTRY--TOPICAL TERM
Topical term or geographic name entry element Poverty
650 ## - SUBJECT ADDED ENTRY--TOPICAL TERM
Topical term or geographic name entry element Globalization
Holdings
Withdrawn status Lost status Damaged status Not for loan Permanent Location Current Location Date acquired Full call number Barcode Date last seen Price effective from Koha item type
        Indian Institute of Public Administration Indian Institute of Public Administration 2006-02-22 T39 L17 80937 2018-07-21 2018-07-21 Book

Powered by Koha